00459nam a2200169 a 4500008004100000020001500041050001400056100002700070245003100097250001200128260004200140300002200182350000900204520003200213650001200245700003200257120416s1991 ||||||||||||||||| || u a0471522783 aQC 23 Ste aKane, Joseph W., 1938-10aGeneral physics. (2nd ed.) a2nd ed. aNew York :bJohn Wiley and Sonsc1991 axix, 891p. : ill. a0.00 aPHYSICS--STUDY AND TEACHING 0aPHYSICS aSternheim, Morton M., 1933-